000 00504nam a2200205Ia 4500
003 0100
008 130307s9999 xx 000 0 und d
040 _cARRUPELIB
050 _aBT98.A65 1993
100 _aArmstrong, Karen
245 2 _aA history of God
245 _bthe 4000-year Quest of Judaism, christianity and islam
260 _aNew York
260 _bAlfred A. Knopf
260 _c1993
300 _a460p.
300 _b23cm
650 _bNupe (african people)-religion
942 0 0 _01
999 _c97144
_d97144